| 000 | 00586nam a22001577a 4500 | ||
|---|---|---|---|
| 003 | OSt | ||
| 005 | 20150925110358.0 | ||
| 008 | 150925b xxu||||| |||| 00| 0 eng d | ||
| 040 | _cRUA | ||
| 082 | _aAGR CHE 2013 BO55 Or.1 | ||
| 100 |
_91314 _aCHEA, TOLA |
||
| 245 | _aPesticides utilization in angkorborie district, takeo province ការប្រើប្រាស់ថ្នាំកសិកម្មក្នុងស្រុកអង្គបូរី ខេត្តតាកែវ. | ||
| 260 |
_aPhnom Phen _bRUA _c2013 |
||
| 300 |
_aXIII,52p. _bill. _c29cm. |
||
| 942 |
_2ddc _cAGR |
||
| 999 |
_c1240 _d1240 |
||